| 000 | 00732nam a22002177a 4500 | ||
|---|---|---|---|
| 999 |
_c1337 _d1337 |
||
| 003 | AR-CdUCM | ||
| 008 | 190226b ||||| |||| 00| 0 spa d | ||
| 040 |
_aMUNICIPALIDAD PROVINCIAL DEL CUSCO _cBIBLIOTECA MUNICIPAL DEL CUSCO |
||
| 082 |
_a869.15 / _bC29 |
||
| 100 |
_aCarpio, Manuel _95129 |
||
| 245 |
_aPoesias / _cCarpio, Manuel |
||
| 260 |
_aTalleres : _bEditora Nacional, _c1966. |
||
| 300 |
_a399 paginas ; _c20cm. |
||
| 505 | _aSer Supremo -- Inmensidad de Dios -- Adan y Eva -- Castigo de Faraon -- La muerte de moises... | ||
| 650 |
_aHistoria cortas _95130 |
||
| 650 |
_aLiteratura _983 |
||
| 650 |
_aPoesias sagradas _95131 |
||
| 700 |
_aBernardo Couto, jose _95132 |
||
| 942 |
_2ddc _cLIBROS |
||
| 945 |
_apjha _d2019-02-26 |
||